000 00522nam a2200181Ia 4500
005 20250508162633.0
008 008 250505s9999 xx 000 0 hin d
037 _aTextual
040 _aFEDL
_beng
_cFEDL
041 _ahin
_2eng
084 _a372.216, AGR
_qFEDL
100 _aAgrawal J C
_9104702
245 0 _aPurv-prathmik (nursery) shiksha ka itihas evam darsan
260 _aDelhi, India
_bDoada House
_c1986
300 _aviii,152p
942 _cTEXL
_h372.216, AGR
999 _c1377766
_d1377766